000 00536nam a2200181Ia 4500
008 090123s9999 xx 000 0 und d
082 _b5988
100 _aभाजेकर आशा
245 _aअजब गजब मंडळ
250 _a1
260 _bमॅजेस्टिक प्रकाशन
300 _a108
600 _aभाजेकर आशा
630 _aअजब गजब मंडळ
700 _aभाजेकर आशा
730 _aअजब गजब मंडळ
942 _cBOOK
999 _c44052
_d44052